000
00307nam a22001097a 4500
008
230627b xxu||||| |||| 00| 0 eng d
082
_a
338.10
_b
LIV 1981
245
_a
Agricultural Economics for Tropical Africa
260
_a
London
_b
Heinemann Educational Books Ltd
_c
1981
300
_a
X,294p
942
_2
ddc
_c
BK
999
_c
2796
_d
2796